Human adjustment
Guardat en:
| Autors principals: | , , |
|---|---|
| Format: | Llibre |
| Idioma: | anglès |
| Publicat: |
Madison
Brown and Benchmark
1994
|
| Matèries: | |
| Etiquetes: |
Afegir etiqueta
Sense etiquetes, Sigues el primer a etiquetar aquest registre!
|
MARC
| LEADER | 00000nam a2200000 a 4500 | ||
|---|---|---|---|
| 001 | UCL7768 | ||
| 003 | CL-VaPUC | ||
| 008 | 040528e19940000US |||||||||||||||||eng|d | ||
| 020 | |a 069717199X | ||
| 082 | 0 | 4 | |a 155.24 |b SIM |2 21 |
| 100 | 0 | |a Simons, Janet A |e author |9 485731 | |
| 700 | 0 | |a Kalichman, Seth |e author |9 485732 | |
| 700 | 0 | |a Santrock, John W |e author |9 485733 | |
| 245 | 1 | 0 | |a Human adjustment |
| 300 | |a 517 p | ||
| 942 | |c BK | ||
| 945 | |d 20040528 00:00:00 |a cmena | ||
| 260 | |a Madison |b Brown and Benchmark |c 1994 | ||
| 650 | 0 | |a Psicología |9 257863 | |
| 650 | 0 | |a Ajuste |9 308622 | |
| 650 | 0 | |a Adaptación |9 269588 | |
| 583 | |a last modification |c 20180530 12:27:25 |k Rodrigo Vera | ||
| 999 | |c 309387 |d 309385 | ||
| 952 | |0 0 |1 0 |4 0 |6 155_240000000000000_SIM_1994 |7 0 |8 P |9 376822 |a BIBEDU |b BIBEDU |c BIBEDU_PB |d 2019-11-21 |i 4008235 |o 155.24 SIM 1994 |p 4008235 |r 2024-01-25 |w 2019-11-21 |y BK |k PSI | ||